00880nam a22002417a 450000500170000000800410001702000230005804000190008104100120010008200160011210000490012824500860017726000320026330000220029550000440031750400500036165000480041170000230045985000100048294200070049299900170049995201220051620221210101117.0010101b xxu||||| |||| 00| 0 eng d a9780141181257c399 aLoreto College aEnglish a821.91bYEA aYeats, W.B.d1865-1939qWilliam Butler Yeats aSelected poemscW.B. Yeats. Edited with an Introduction and notes by Timothy Webb aLondonbPenguin Booksc1991 axliii,322pb23 cm areprinted with additional material 2000 aIncludes bibliographical references and index aPoetryxLiterature in Englishy20th Century 4ed.aWebb, Timothy aLCLIB cBK c39992d90471 00102ddc4070aMAINbMAINd2001-01-01g399.00l4o821.91 YEA 50753p43559r2023-05-18s2023-05-10w2001-01-01yBKf